000 00533nam a2200181Ia 4500
008 151018s9999 xx 000 0 und d
082 _bRBASDV20226
_a891.463
100 _aग रा टिकेकर
245 _aघातचक्र
250 _b1
260 _bश्रीराम बुक एजन्सी
_c1985
300 _a246
600 _aग रा टिकेकर
630 _aघातचक्र
700 _aग रा टिकेकर
730 _aघातचक्र
942 _cBOOK
999 _c1020853
_d1020850